[Event "ICS rated blitz match"]
[Site "204.178.125.65"]
[Date "2000.03.22"]
[Round "?"]
[White "QueenMaxima"]
[Black "Hossa"]
[Result "0-1"]
[WhiteElo "2437"]
[BlackElo "2462"]
[PlyCount "82"]

1. e4 e5 2. Nf3 Nc6 3. a3 Nf6 4. Nc3 Be7 5. Bc4 Nxe4 6. Nxe4 d5 7. Bb5 dxe4 8.
Bxc6+ bxc6 9. Nxe5 Qd5 10. Ng4 Ba6 11. Ne3 Qe5 12. Qg4 Bf6 13. Qf5 Rd8 14. h3
c5 15. Rb1 c6 16. b3 Qe7 17. Qg4 O-O 18. Nf5 Qc7 19. Kd1 Rfe8 20. Re1 g6 21.
Ng3 Bd4 22. Rxe4 Rxe4 23. Qxe4 Bxf2 24. Ne2 Qd7 25. Qf3 Bh4 26. Nf4 Re8 27. g3
Bg5 28. h4 Bxf4 29. gxf4 Be2+ 30. Qxe2 Rxe2 31. Kxe2 Qg4+ 32. Ke3 Qg3+ 33. Ke2
Qxf4 34. h5 Qe4+ 35. Kd1 Qh1+ 36. Ke2 Qxh5+ 37. Ke1 Qh1+ 38. Ke2 f5 39. Ra1
Qg2+ 40. Ke3 Qe4+ 41. Kf2 Qd4+ 0-1

[Event "ICS rated standard match"]
[Site "204.178.125.65"]
[Date "2000.03.22"]
[Round "?"]
[White "manuelconj"]
[Black "Hossa"]
[Result "0-1"]
[WhiteElo "1870"]
[BlackElo "2205"]
[PlyCount "82"]

1. e4 e5 2. Nf3 Nc6 3. Bb5 a6 4. Ba4 Nf6 5. O-O Be7 6. Nc3 b5 7. Bb3 O-O 8. Re1
d6 9. h3 Na5 10. d3 Bb7 11. Ne2 Nxb3 12. axb3 a5 13. Ng3 Nd7 14. Nf5 Re8 15.
Nxe7+ Rxe7 16. Bg5 f6 17. Bd2 c6 18. Nh4 Rf7 19. Nf5 Nf8 20. Qg4 Ng6 21. h4 Bc8
22. h5 Bxf5 23. Qxf5 Ne7 24. Qh3 f5 25. Bg5 fxe4 26. Rxe4 h6 27. Bh4 Qf8 28. f3
Nd5 29. Be1 Qd8 30. Bd2 Qb6+ 31. Kh1 Qf2 32. Be1 Qxc2 33. Rxa5 Rxa5 34. Bxa5
Nf4 35. Qc8+ Rf8 36. Qg4 Qxb3 37. Bd2 Qd1+ 38. Be1 Nxd3 39. Qe6+ Kh7 40. Qg6+
Kh8 41. Rg4 Nf2+ 0-1

[Event "ICS rated standard match"]
[Site "204.178.125.65"]
[Date "2000.03.23"]
[Round "?"]
[White "Hossa"]
[Black "manuelconj"]
[Result "1-0"]
[WhiteElo "2209"]
[BlackElo "1866"]
[PlyCount "50"]

1. e4 d6 2. d4 Nf6 3. Nc3 g6 4. f4 Bg7 5. Nf3 O-O 6. Bd3 c6 7. e5 Nfd7 8. O-O
Nb6 9. exd6 exd6 10. f5 N8d7 11. Ne4 Nf6 12. Nxf6+ Bxf6 13. c3 Nd5 14. fxg6
fxg6 15. Bc4 Be6 16. Bh6 Bg7 17. Qe2 Qd7 18. Bxg7 Kxg7 19. Ng5 Bg8 20. Bxd5
Bxd5 21. c4 Bg8 22. b3 Rae8 23. Qb2 d5 24. Nf3 Re4 25. Ne5 Rff4 1-0

[Event "ICS rated standard match"]
[Site "204.178.125.65"]
[Date "2000.03.23"]
[Round "?"]
[White "manuelconj"]
[Black "Hossa"]
[Result "0-1"]
[WhiteElo "1862"]
[BlackElo "2213"]
[PlyCount "38"]

1. Nf3 c5 2. e4 d6 3. d4 cxd4 4. Nxd4 Nf6 5. Nc3 e6 6. Be2 Be7 7. O-O O-O 8.
Be3 Nc6 9. Nb3 b6 10. f4 Bb7 11. g4 Rc8 12. g5 Nd7 13. h4 Nc5 14. Qe1 d5 15.
exd5 Nb4 16. Qg3 Nxc2 17. dxe6 Nxb3 18. exf7+ Rxf7 19. axb3 Nxe3 0-1

[Event "ICS rated blitz match"]
[Site "204.178.125.65"]
[Date "2000.03.23"]
[Round "?"]
[White "Hossa"]
[Black "PostModernist"]
[Result "0-1"]
[WhiteElo "2477"]
[BlackElo "2517"]
[PlyCount "104"]

1. d4 d5 2. c4 e6 3. Nc3 c6 4. e3 Nf6 5. Nf3 Nbd7 6. cxd5 exd5 7. Bd3 a6 8. O-O
Bd6 9. Bd2 O-O 10. Qc2 Re8 11. Rac1 Nb6 12. Ng5 h6 13. Nf3 Bg4 14. Ne1 Qc7 15.
h3 Bd7 16. Nf3 Rad8 17. e4 dxe4 18. Nxe4 Nxe4 19. Bxe4 Be6 20. Ba5 Rd7 21. Bh7+
Kh8 22. Bf5 Bxf5 23. Qxf5 g6 24. Bxb6 gxf5 25. Bxc7 Bxc7 26. Nh4 Rxd4 27. Nxf5
Rd2 28. Rcd1 Red8 29. Rb1 h5 30. a4 Bb6 31. b4 Re8 32. Ng3 h4 33. Nh1 Re4 34.
Rfe1 Rf4 35. Rf1 Bd4 36. b5 Ra2 37. bxc6 bxc6 38. Rfc1 Bxf2+ 39. Kh2 Bd4 40.
Rxc6 Re4 41. Rh6+ Kg7 42. Rh5 f6 43. Rb7+ Kg6 44. Rbh7 Ra1 45. R5h6+ Kf5 46.
g4+ Kf4 47. Rxf6+ Bxf6 48. Nf2 Re2 49. Kg2 Ke3 50. Rxh4 Rxf2+ 51. Kg3 Raa2 52.
g5 Rg2# 0-1

[Event "ICS rated blitz match"]
[Site "204.178.125.65"]
[Date "2000.03.23"]
[Round "?"]
[White "TheHawk"]
[Black "Hossa"]
[Result "0-1"]
[WhiteElo "2433"]
[BlackElo "2463"]
[PlyCount "92"]

1. e4 e5 2. Nf3 Nc6 3. c3 Nf6 4. Qc2 Be7 5. d3 d5 6. Be2 O-O 7. O-O Bg4 8. h3
Be6 9. Re1 Qd7 10. Nbd2 Rad8 11. Nf1 a6 12. Ng3 dxe4 13. dxe4 Qc8 14. Be3 Qb8
15. b4 Bd6 16. a4 a5 17. b5 Ne7 18. Rad1 Ng6 19. Nf5 Bxf5 20. exf5 Nf4 21. Bc4
Qc8 22. Ba2 e4 23. Nd4 Nd3 24. Re2 Rfe8 25. Bg5 Be5 26. Bc4 Bxd4 27. cxd4 Qxf5
28. Bxf6 Nb4 29. Qb1 Qxf6 30. Rxe4 g6 31. Rxe8+ Rxe8 32. Qb3 Re7 33. Qc3 Re4
34. Bb3 Re2 35. Qg3 Qe7 36. Qf3 Rb2 37. Bc4 b6 38. Qc3 Rc2 39. Qb3 Qf6 40. Rf1
Qf4 41. g3 Qf5 42. d5 Qe4 43. d6 Rxc4 44. d7 Rd4 45. Qc3 Rxd7 46. Rd1 Rxd1+ 0-1

[Event "ICS rated standard match"]
[Site "204.178.125.65"]
[Date "2000.03.23"]
[Round "?"]
[White "Hossa"]
[Black "shadodeth"]
[Result "1-0"]
[WhiteElo "2217"]
[BlackElo "1990"]
[PlyCount "43"]

1. c4 e5 2. Nc3 Nc6 3. Nf3 Bc5 4. e3 d6 5. d4 exd4 6. exd4 Bb6 7. d5 Nce7 8.
Be2 Nf6 9. Bg5 Ng4 10. O-O f6 11. Bd2 Bf5 12. Nh4 Ne5 13. Nxf5 Nxf5 14. Bg4 Ne7
15. Be6 Nd3 16. Qh5+ g6 17. Qe2 Nc5 18. Ne4 Rf8 19. Nxc5 Bxc5 20. Bh6 c6 21.
Qf3 Qc7 22. Bxf8 1-0

[Event "ICS rated bullet match"]
[Site "204.178.125.65"]
[Date "2000.03.23"]
[Round "?"]
[White "Hossa"]
[Black "chupacabra1"]
[Result "1-0"]
[WhiteElo "2605"]
[BlackElo "1297"]
[PlyCount "45"]

1. d4 d5 2. c4 Nf6 3. Nc3 e6 4. cxd5 Nxd5 5. e4 Nxc3 6. bxc3 Nc6 7. Nf3 e5 8.
d5 Ne7 9. Nxe5 Qd6 10. Bf4 f6 11. Ng6 Qc5 12. Nxh8 g5 13. Bd2 Ng6 14. Nxg6 hxg6
15. Bd3 Bd6 16. O-O c6 17. Rb1 cxd5 18. exd5 Qc7 19. Bxg6+ Kf8 20. Qh5 Bxh2+
21. Qxh2 Qd6 22. Qh8+ Ke7 23. Qe8# 1-0

[Event "ICS rated blitz match"]
[Site "204.178.125.65"]
[Date "2000.03.23"]
[Round "?"]
[White "Hossa"]
[Black "Mijko"]
[Result "1-0"]
[WhiteElo "2478"]
[BlackElo "2263"]
[PlyCount "93"]

1. e4 e6 2. d4 c5 3. Nf3 cxd4 4. Nxd4 Nf6 5. Nc3 d6 6. Bb5+ Bd7 7. O-O Bxb5 8.
Ndxb5 a6 9. Nd4 Be7 10. Be3 O-O 11. Qd2 Nbd7 12. Nf3 b5 13. a3 Qc7 14. Rfd1 Qb7
15. Bg5 Rfe8 16. Bxf6 Nxf6 17. Qf4 Nd7 18. Rab1 Rac8 19. Qe3 Nb6 20. Qd3 Nc4
21. Ne2 Red8 22. Ned4 Ne5 23. Qe2 Bf6 24. Nxe5 Bxe5 25. Nf3 Bf6 26. c3 h6 27.
Rd3 Rc4 28. Re1 d5 29. exd5 Rxd5 30. Rxd5 Qxd5 31. Rd1 Re4 32. Qf1 Qc4 33. Nd2
Qxf1+ 34. Kxf1 Rh4 35. Nf3 Rc4 36. Rd6 a5 37. Ra6 b4 38. axb4 axb4 39. Ra8+ Kh7
40. Ra4 Be7 41. Ne5 Rh4 42. cxb4 Rxh2 43. b5 Rh1+ 44. Ke2 Rb1 45. Ra2 f6 46.
Nd7 Rc1 47. b6 1-0

[Event "ICS rated standard match"]
[Site "204.178.125.65"]
[Date "2000.03.23"]
[Round "?"]
[White "manuelconj"]
[Black "Hossa"]
[Result "0-1"]
[WhiteElo "1846"]
[BlackElo "2218"]
[PlyCount "74"]

1. e4 e5 2. Nf3 Nc6 3. Bb5 a6 4. Ba4 Nf6 5. O-O Be7 6. Re1 b5 7. Bb3 O-O 8. c3
d5 9. d3 dxe4 10. dxe4 Qxd1 11. Bxd1 Rd8 12. Bc2 a5 13. Nbd2 a4 14. Nf1 a3 15.
Ng3 axb2 16. Bxb2 Ba3 17. Bxa3 Rxa3 18. Bb3 h6 19. Red1 Rxd1+ 20. Rxd1 Bg4 21.
h3 Bxf3 22. gxf3 g6 23. Ne2 Kg7 24. Nc1 Na5 25. Rd2 c5 26. Bc2 Rxc3 27. Nd3 Nc4
28. Re2 Nh5 29. Bb1 Na3 30. Nxe5 Rc1+ 31. Kh2 Rxb1 32. Rd2 Nc4 33. Nxc4 bxc4
34. Rc2 Rb4 35. a3 Ra4 36. Rc3 Nf4 37. e5 Nd3 0-1

[Event "ICS rated blitz match"]
[Site "204.178.125.65"]
[Date "2000.03.23"]
[Round "?"]
[White "undertaker1"]
[Black "Hossa"]
[Result "0-1"]
[WhiteElo "2740"]
[BlackElo "2485"]
[PlyCount "113"]

1. e4 e5 2. Nf3 Nc6 3. Bb5 a6 4. Ba4 Nf6 5. O-O Nxe4 6. d4 b5 7. Bb3 d5 8. dxe5
Be6 9. c3 Bc5 10. Nbd2 O-O 11. Bc2 Nxf2 12. Rxf2 f6 13. exf6 Bxf2+ 14. Kxf2
Qxf6 15. Nf1 Ne5 16. Be3 Rae8 17. Bc5 Rf7 18. N1d2 Bg4 19. Kg1 Nxf3+ 20. Nxf3
Bxf3 21. gxf3 Qg5+ 22. Kh1 Qh5 23. a4 Rxf3 24. axb5 axb5 25. Bd3 Qf7 26. Bxb5
Rd8 27. Ra7 Rf5 28. Bd3 Rf3 29. Bb6 Rc8 30. Bxc7 d4 31. Qb1 Rf2 32. Kg1 Qf3 33.
Bxh7+ Kh8 34. Be4 Qe3 35. Kh1 d3 36. Ra4 Rc2 37. Rb4 Rc1+ 38. Qxc1 Qxc1+ 39.
Kg2 Qe3 40. Rd4 d2 41. Bc2 Qe2+ 42. Kg3 Qe1+ 43. Kh3 d1=Q 44. Bxd1 Rxc7 45.
Rh4+ Kg8 46. Bb3+ Kf8 47. Rf4+ Ke8 48. Ba4+ Ke7 49. Rg4 Kf6 50. Rf4+ Kg5 51.
Rg4+ Kh5 52. Rd4 Rxc3+ 53. bxc3 Qxc3+ 54. Kg2 Qxd4 55. Be8+ Kg5 56. Bf7 Qg4+
57. Kf2 0-1

[Event "ICS rated blitz match"]
[Site "204.178.125.65"]
[Date "2000.03.23"]
[Round "?"]
[White "Hossa"]
[Black "undertaker1"]
[Result "1/2-1/2"]
[WhiteElo "2511"]
[BlackElo "2714"]
[PlyCount "235"]

1. e4 e5 2. Nf3 Nc6 3. Bb5 a6 4. Ba4 Nf6 5. O-O Be7 6. Re1 b5 7. Bb3 d6 8. c3
O-O 9. h3 Na5 10. Bc2 c5 11. d4 Qc7 12. Nbd2 cxd4 13. cxd4 Bb7 14. Nf1 Rac8 15.
Re2 d5 16. dxe5 Nxe4 17. Ng3 f5 18. exf6 Bxf6 19. Bxe4 dxe4 20. Nxe4 Rcd8 21.
Qe1 Bxe4 22. Rxe4 Nc4 23. Rb1 Qd7 24. Bg5 Bxg5 25. Nxg5 Nd2 26. Rc1 Nxe4 27.
Qxe4 Qf5 28. Qxf5 Rxf5 29. Ne4 Rfd5 30. Rc6 a5 31. Kh2 Kf8 32. Nc5 Ke7 33. Kg3
Rd2 34. Ra6 Rxb2 35. Ra7+ Ke8 36. Rxg7 h6 37. Rg8+ Ke7 38. Rg7+ Kf6 39. Rb7 Rd5
40. Rb6+ Ke7 41. Ne4 h5 42. Rb7+ Ke6 43. Rb6+ Ke5 44. Nf6 Rd3+ 45. f3 Rxa2 46.
Nxh5 b4 47. Nf4 Re3 48. h4 Kd4 49. h5 Re1 50. h6 Re7 51. Kg4 Rh7 52. Kg5 Rd7
53. Kg6 Ke3 54. h7 Rxh7 55. Nd5+ Kd4 56. Nxb4 Rh2 57. Nxa2 Rxg2+ 58. Kf5 Rxa2
59. f4 a4 60. Ra6 a3 61. Ke6 Ra1 62. f5 a2 63. Rxa2 Rxa2 64. f6 Ra6+ 65. Ke7
Ke5 66. f7 Ra7+ 67. Ke8 Ke6 68. f8=N+ Kd5 69. Nd7 Ra8+ 70. Ke7 Ra6 71. Nf6+ Kc4
72. Kf7 Kb4 73. Nd5+ Ka3 74. Kg7 Kb3 75. Kh7 Ra1 76. Kg7 Rd1 77. Nf6 Kc3 78.
Ne4+ Kb2 79. Nc5 Rg1+ 80. Kf6 Ka1 81. Nb3+ Ka2 82. Nc5 Rg2 83. Ke5 Ka1 84. Nb3+
Kb1 85. Nc5 Rc2 86. Ne6 Ra2 87. Nc5 Ra5 88. Kd5 Ka2 89. Kd4 Ka3 90. Kc4 Ra7 91.
Kc3 Ka2 92. Kd3 Rf7 93. Kd4 Rf4+ 94. Kd5 Rb4 95. Ke5 Ka3 96. Kd6 Rb6+ 97. Ke5
Kb4 98. Nd3+ Kc4 99. Ke4 Rb1 100. Ne5+ Kb3 101. Kd5 Ka2 102. Nc6 Ka1 103. Ke4
Rb7 104. Kd5 Rb6 105. Kd6 Kb1 106. Kd5 Rb7 107. Ne5 Kc1 108. Nd3+ Kc2 109. Ne1+
Kb1 110. Nd3 Ka1 111. Nc5 Rb1 112. Ke5 Rf1 113. Nb3+ Ka2 114. Nd2 Rh1 115. Nc4
Rc1 116. Nd6 Rb1 117. Kd5 Ka1 118. Ke5 1/2-1/2

[Event "ICS rated bullet match"]
[Site "204.178.125.65"]
[Date "2000.03.23"]
[Round "?"]
[White "slaven"]
[Black "Hossa"]
[Result "0-1"]
[WhiteElo "1395"]
[BlackElo "2605"]
[PlyCount "32"]

1. d4 Nf6 2. Nf3 e6 3. Bg5 c5 4. c3 d5 5. e3 Nc6 6. Bd3 Bd6 7. O-O c4 8. Bc2 h6
9. Bh4 g5 10. Bg3 Bxg3 11. hxg3 g4 12. Nfd2 h5 13. e4 h4 14. gxh4 Rxh4 15. exd5
Qxd5 16. g3 Rh1# 0-1

[Event "ICS Rated standard match"]
[Site "204.178.125.65"]
[Date "2000.03.23"]
[Round "?"]
[White "dr-what"]
[Black "Hossa"]
[Result "0-1"]
[WhiteElo "2046"]
[BlackElo "2221"]
[PlyCount "48"]

1. e4 c5 2. Nf3 e6 3. d3 d5 4. exd5 exd5 5. Nc3 Nf6 6. g3 Nc6 7. Bg2 d4 8. Ne4
Be7 9. O-O Nxe4 10. dxe4 Bg4 11. h3 Bh5 12. Bf4 g5 13. Bd2 Ne5 14. g4 Nxf3+ 15.
Qxf3 Bg6 16. c3 h5 17. cxd4 hxg4 18. hxg4 cxd4 19. e5 Rb8 20. Qb3 Qd7 21. e6
fxe6 22. Rfe1 Bf7 23. Bf1 a6 24. Bxa6 Qc6 0-1

[Event "ICS Rated standard match"]
[Site "204.178.125.65"]
[Date "2000.03.23"]
[Round "?"]
[White "pokemaniac"]
[Black "Hossa"]
[Result "0-1"]
[WhiteElo "1854"]
[BlackElo "2230"]
[PlyCount "84"]

1. d4 d5 2. c4 c6 3. Nf3 Nf6 4. Nc3 e6 5. e3 Nbd7 6. Bd3 dxc4 7. Bxc4 b5 8. Bd3
Bb7 9. O-O a6 10. e4 c5 11. d5 c4 12. Bc2 Qc7 13. Be3 b4 14. dxe6 fxe6 15. Ne2
Nxe4 16. Nf4 Qd6 17. Qxd6 Nxd6 18. Nxe6 Bxf3 19. gxf3 Kf7 20. Ng5+ Kg8 21. Rad1
Nf6 22. Ne6 Nb5 23. Rfe1 Be7 24. Bf4 Ra7 25. Be5 Ra8 26. Be4 Ra7 27. Bc6 Kf7
28. f4 Rc8 29. Bg2 c3 30. Ng5+ Kf8 31. Bh3 Re8 32. Be6 cxb2 33. Bxb2 Nc3 34.
Rd3 Bc5 35. Rh3 h6 36. Nf3 Nfe4 37. Bxc3 Bxf2+ 38. Kf1 Bxe1 39. Bxe1 Rxe6 40.
Bxb4+ Kg8 41. Nd4 Rf6 42. Rf3 Rb7 0-1

[Event "ICS rated bullet match"]
[Site "204.178.125.65"]
[Date "2000.03.23"]
[Round "?"]
[White "SR71Blackbird"]
[Black "Hossa"]
[Result "0-1"]
[WhiteElo "1351"]
[BlackElo "2605"]
[PlyCount "32"]

1. e3 e5 2. Bc4 d5 3. Bf1 Nf6 4. f3 Nc6 5. g3 Bc5 6. d3 Bd7 7. a3 O-O 8. b3 Bb6
9. c3 d4 10. exd4 exd4 11. cxd4 Re8+ 12. Ne2 Bxd4 13. Ra2 Qe7 14. Bb2 Qe3 15.
Bxd4 Nxd4 16. Rg1 Nxf3# 0-1

[Event "ICS rated bullet match"]
[Site "204.178.125.65"]
[Date "2000.03.23"]
[Round "?"]
[White "Hossa"]
[Black "SR71Blackbird"]
[Result "1-0"]
[WhiteElo "2605"]
[BlackElo "1351"]
[PlyCount "45"]

1. e4 e6 2. d4 Qf6 3. Nf3 Qd8 4. Nc3 f6 5. Bd3 d6 6. e5 c6 7. exd6 Bxd6 8. Ne4
Bf8 9. O-O f5 10. Ng3 Nd7 11. Re1 Qf6 12. Bxf5 Qe7 13. Rxe6 Qxe6 14. Bxe6 Kd8
15. Bf4 Ndf6 16. Qe1 Be7 17. Bxc8 Rxc8 18. Ng5 Nh6 19. Ne6+ Ke8 20. Nxg7+ Kf7
21. Bxh6 Kg6 22. Qxe7 Kxh6 23. Qxf6# 1-0

[Event "ICS rated standard match"]
[Site "204.178.125.65"]
[Date "2000.03.23"]
[Round "?"]
[White "pokemaniac"]
[Black "Hossa"]
[Result "0-1"]
[WhiteElo "1851"]
[BlackElo "2233"]
[PlyCount "148"]

1. d4 Nf6 2. c4 e6 3. Nc3 Bb4 4. e3 O-O 5. Nf3 d5 6. Bd2 c5 7. dxc5 dxc4 8.
Bxc4 Bxc5 9. O-O Nc6 10. a3 e5 11. b4 Bd6 12. Qc2 Bg4 13. Ng5 h6 14. f3 Bh5 15.
Nge4 Bg6 16. Rfd1 Rc8 17. Qd3 Nxe4 18. Nxe4 Be7 19. b5 Qxd3 20. Bxd3 Nb8 21.
Bb4 Bxe4 22. Bxe4 Rc7 23. Bxe7 Rxe7 24. Rac1 f5 25. Bd5+ Kh7 26. e4 g6 27. a4
Rd8 28. a5 Red7 29. Rc2 Kg7 30. Rc3 Kf6 31. Rcc1 a6 32. Rc5 axb5 33. Rxb5 Nc6
34. Rb6 Rd6 35. Ra1 Nd4 36. Rxb7 Ne2+ 37. Kf1 Nc3 38. Bb3 fxe4 39. Rc1 Nd5 40.
fxe4 Ne3+ 41. Kg1 Kg5 42. Rc5 Kf4 43. Re7 Rd3 44. Rb5 Rc8 45. Rf7+ Kxe4 46.
Rb4+ Rd4 47. Rxd4+ exd4 48. a6 Rc1+ 49. Kf2 Ra1 50. a7 g5 51. h3 Kd3 52. Kf3 h5
53. Be6 h4 54. Bf5+ Nxf5 55. Rxf5 Rxa7 56. Rxg5 Kc4 57. Rh5 Rf7+ 58. Kg4 d3 59.
Rh8 Rd7 60. Rc8+ Kd4 61. Kf3 Rf7+ 62. Kg4 d2 63. Rd8+ Ke3 64. Kxh4 Rf4+ 65. g4
Rd4 66. Re8+ Kf3 67. Rf8+ Kg2 68. Kg5 Kxh3 69. Rf1 d1=Q 70. Rxd1 Rxd1 71. Kh5
Kg3 72. g5 Kf4 73. Kg6 Rd6+ 74. Kf7 Kxg5 0-1

[Event "ICS Rated blitz match"]
[Site "204.178.125.65"]
[Date "2000.03.23"]
[Round "?"]
[White "GhostDog"]
[Black "Hossa"]
[Result "0-1"]
[WhiteElo "2291"]
[BlackElo "2519"]
[PlyCount "72"]

1. c4 e5 2. Nc3 Nf6 3. e4 Bc5 4. g3 Nc6 5. Bg2 d6 6. h3 O-O 7. Nge2 Be6 8. d3
Re8 9. O-O Rf8 10. Kh2 Nd4 11. f4 c6 12. f5 Nxe2 13. Nxe2 Bc8 14. g4 Re8 15.
Ng3 Nd7 16. g5 f6 17. g6 Nf8 18. Qh5 Bd7 19. a4 hxg6 20. fxg6 Re7 21. Nf5 Bxf5
22. exf5 Bd4 23. a5 d5 24. a6 Rb8 25. axb7 Rbxb7 26. Rb1 Rb3 27. Bd2 Reb7 28.
cxd5 cxd5 29. Rbc1 Rxd3 30. Ba5 Bb6 31. Bc3 e4 32. Rfd1 Be3 33. Rxd3 Bxc1 34.
Rd1 Bxb2 35. Bxe4 Qc7+ 36. Kh1 dxe4 0-1

[Event "ICS rated bullet match"]
[Site "204.178.125.65"]
[Date "2000.03.23"]
[Round "?"]
[White "PostModernist"]
[Black "Hossa"]
[Result "0-1"]
[WhiteElo "2531"]
[BlackElo "2605"]
[PlyCount "120"]

1. e4 e5 2. d4 exd4 3. Bc4 Nc6 4. Nf3 Nf6 5. e5 d5 6. Bb5 Nd7 7. O-O Be7 8. Re1
O-O 9. Bxc6 bxc6 10. Nxd4 Nb8 11. Qf3 c5 12. Nf5 Bxf5 13. Qxf5 Nc6 14. Nc3 Nd4
15. Qd3 c6 16. Be3 Ne6 17. Rad1 d4 18. Qf5 Qa5 19. b4 cxb4 20. Bxd4 bxc3 21.
Be3 Rad8 22. Ra1 Rd5 23. f4 Bc5 24. Qe4 Bxe3+ 25. Rxe3 Rd2 26. Rc1 Qxa2 27. Rh3
g6 28. Re3 Qb2 29. Rf1 Nd4 30. h3 Nxc2 31. Rd3 c5 32. Kh2 Rxd3 33. Qxd3 Nd4 34.
Qc4 Rc8 35. Qa6 Rc7 36. Qd6 Rc6 37. Qd8+ Kg7 38. f5 Nxf5 39. Qd7 Ra6 40. Qd3
Ra2 41. Qd5 Qd2 42. Qb7 c2 43. e6 Qd6+ 44. Kg1 Qd4+ 45. Kh2 Qe5+ 46. Kg1 Qe3+
47. Kh2 Qxe6 48. Qb8 Qe3 49. Rh1 c1=Q 50. Rxc1 Qxc1 51. Qe5+ Kh6 52. h4 Nxh4
53. Qg3 Rxg2+ 54. Qxg2 Nxg2 55. Kxg2 Qf4 56. Kg1 Kg5 57. Kh1 Kg4 58. Kg2 Kh4
59. Kh1 Kg3 60. Kg1 Qc1# 0-1

[Event "ICS rated bullet match"]
[Site "204.178.125.65"]
[Date "2000.03.23"]
[Round "?"]
[White "Hossa"]
[Black "PostModernist"]
[Result "1/2-1/2"]
[WhiteElo "2618"]
[BlackElo "2518"]
[PlyCount "77"]
[EventDate "2000.??.??"]

1. e4 c6 2. d4 d5 3. Nc3 dxe4 4. Nxe4 Bf5 5. Ng3 Bg6 6. h4 h6 7. Nf3 Nd7 8. h5
Bh7 9. Bd3 Bxd3 10. Qxd3 Ngf6 11. Bd2 Qc7 12. O-O-O e6 13. c4 O-O-O 14. Kb1 c5
15. Be3 Be7 16. Rh4 Kb8 17. Bf4 Bd6 18. Bxd6 Qxd6 19. Qd2 Qb6 20. Ne4 g5 21.
hxg6 Nxe4 22. Rxe4 fxg6 23. Rde1 Qc7 24. Rxe6 cxd4 25. Nxd4 Qxc4 26. b3 Qc5 27.
Rc1 Qg5 28. Qxg5 hxg5 29. Rd6 Ne5 30. Rxd8+ Rxd8 31. Ne6 Rd2 32. Rc5 Nd3 33.
Rd5 Rb2+ 34. Ka1 Rxa2+ 35. Kb1 Rb2+ 36. Ka1 Ra2+ 37. Kb1 Rb2+ 38. Ka1 Ra2+ 39.
Kb1 1/2-1/2

[Event "ICS rated blitz match"]
[Site "204.178.125.65"]
[Date "2000.03.23"]
[Round "?"]
[White "QueenMaxima"]
[Black "Hossa"]
[Result "1-0"]
[WhiteElo "2387"]
[BlackElo "2532"]
[PlyCount "135"]

1. e4 e5 2. Nf3 Nc6 3. a3 Nf6 4. Nc3 Be7 5. d4 exd4 6. Nxd4 Nxd4 7. Qxd4 d6 8.
Bc4 O-O 9. O-O Re8 10. f4 a5 11. Be2 c6 12. Bf3 b5 13. e5 dxe5 14. Qxd8 Bc5+
15. Kh1 Rxd8 16. Bxc6 Rb8 17. fxe5 Ng4 18. Bg5 Rf8 19. Bxb5 Be6 20. h3 Nxe5 21.
Rad1 f6 22. Bf4 Rfc8 23. Ba6 Rc6 24. Bxe5 fxe5 25. Bb5 Rc7 26. Nd5 Rcb7 27. c4
Bd4 28. Nf4 Bf7 29. Nd3 e4 30. Rf4 Re7 31. Re1 Rd8 32. Re2 Bb6 33. c5 Ba7 34.
Rexe4 Rxe4 35. Rxe4 Bg6 36. Bc4+ Kh8 37. Re5 a4 38. c6 Bb8 39. Re7 Bg3 40. c7
Rc8 41. Rd7 Bxc7 42. Ba6 Rb8 43. Rxc7 Bf5 44. Nc5 Ra8 45. Bb7 Rd8 46. Nxa4 Rd2
47. Nc5 h6 48. b4 Ra2 49. a4 Kh7 50. a5 Ra3 51. a6 h5 52. Bd5 Ra1+ 53. Kh2 Kh6
54. a7 Bg6 55. Ne6 Bd3 56. Nxg7 h4 57. a8=Q Rxa8 58. Bxa8 Kg6 59. Ne6 Bf5 60.
b5 Bd3 61. Nf4+ Kf6 62. Nxd3 Ke6 63. b6 Kf5 64. b7 Ke4 65. b8=Q+ Ke3 66. Rc2
Kxd3 67. Qb3+ Kd4 68. Qc3# 1-0

[Event "ICS rated blitz match"]
[Site "204.178.125.65"]
[Date "2000.03.23"]
[Round "?"]
[White "Hossa"]
[Black "QueenMaxima"]
[Result "0-1"]
[WhiteElo "2510"]
[BlackElo "2409"]
[PlyCount "114"]

1. e4 e5 2. Nf3 Nf6 3. Nxe5 d6 4. Nxf7 Kxf7 5. d4 c5 6. dxc5 Nc6 7. Bc4+ Be6 8.
Bxe6+ Kxe6 9. O-O dxc5 10. Nc3 Qxd1 11. Rxd1 Rd8 12. Bd2 Ne5 13. Bg5 Rxd1+ 14.
Rxd1 Nc6 15. f4 Nd4 16. Rd2 Rg8 17. e5 Nh5 18. Rf2 h6 19. Bh4 g5 20. fxg5 Nf5
21. gxh6 Bxh6 22. Bf6 Be3 23. Kf1 Bxf2 24. Kxf2 Rg4 25. Bh8 Rf4+ 26. Ke2 Nd4+
27. Kd3 Rh4 28. Bf6 Rxh2 29. Ne4 b6 30. c3 Nxf6 31. exf6 Nc6 32. a3 Rxg2 33. b3
Ne5+ 34. Ke3 Nd7 35. f7 Kxf7 36. b4 Ra2 37. Nd6+ Ke6 38. Nb5 a6 39. Nc7+ Kd6
40. Ne8+ Kc6 41. bxc5 Nxc5 42. Nf6 Rxa3 43. Kd2 Na4 44. c4 Nb2 45. Ke2 Nxc4 46.
Kf2 a5 47. Ng4 b5 48. Nf6 b4 49. Ne4 Rd3 50. Kg2 b3 51. Nf2 Rd4 52. Kf3 b2 53.
Kg2 b1=Q 54. Kg3 Qf5 55. Ne4 Rxe4 56. Kg2 Rg4+ 57. Kh3 Qh5# 0-1

[Event "ICS rated blitz match"]
[Site "204.178.125.65"]
[Date "2000.03.23"]
[Round "?"]
[White "QueenMaxima"]
[Black "Hossa"]
[Result "0-1"]
[WhiteElo "2430"]
[BlackElo "2489"]
[PlyCount "192"]

1. e4 c5 2. c3 d5 3. exd5 Qxd5 4. Na3 Nf6 5. d3 Bg4 6. Ne2 e5 7. Nc2 c4 8. dxc4
Qxd1+ 9. Kxd1 Nc6 10. Ne3 O-O-O+ 11. Ke1 Bc5 12. Ng3 Be6 13. Ngf5 Bf8 14. Ke2
Ne7 15. Nxe7+ Bxe7 16. Bd2 Ne4 17. Be1 Bg5 18. h4 Bxe3 19. Kxe3 f5 20. a3 Rd7
21. f3 Nf6 22. a4 Rhd8 23. Ra2 f4+ 24. Kf2 e4 25. fxe4 Bg4 26. Be2 Rd2 27. Bxd2
Rxd2 28. Rha1 Nxe4+ 29. Kg1 Bxe2 30. b3 Rd1+ 31. Rxd1 Bxd1 32. b4 Nxc3 33. Ra3
Ne4 34. Rd3 Bxa4 35. Ra3 Bd1 36. Rxa7 Kb8 37. Ra5 Bb3 38. Rf5 Bxc4 39. Rxf4 Bd5
40. Rg4 g6 41. Rf4 Kc7 42. Rf8 h5 43. Kh2 Be6 44. g3 Bd5 45. Ra8 Nf2 46. Rf8
Nd3 47. Rf6 Ne5 48. Kg1 b5 49. Kf1 Be4 50. Ke2 Bf5 51. Kd2 Nc4+ 52. Ke2 Kd7 53.
Ra6 Be4 54. Ra7+ Kd6 55. Kf2 Ke6 56. Rc7 Ne5 57. Ke3 Bc6 58. Kd4 Kd6 59. Rc8
Bd7 60. Ra8 Nc6+ 61. Kc3 Bf5 62. Rg8 Ke5 63. Re8+ Be6 64. Ra8 Nd4 65. Kd2 Kd5
66. Rd8+ Kc4 67. Ke3 Nc2+ 68. Kf4 Nxb4 69. Kg5 Nd3 70. Kxg6 Bg4 71. Re8 b4 72.
Re4+ Kc5 73. Re3 Kd4 74. Re8 b3 75. Rb8 Kc3 76. Rb7 b2 77. Rxb2 Nxb2 78. Kg5
Nc4 79. Kg6 Nd6 80. Kf6 Ne4+ 81. Ke5 Nxg3 82. Kf4 Nf5 83. Ke4 Nxh4 84. Kf4 Kd4
85. Kg3 Ke3 86. Kxh4 Kf3 87. Kg5 Kg3 88. Kg6 h4 89. Kf6 h3 90. Ke7 h2 91. Kd6
h1=Q 92. Ke5 Qc6 93. Kd4 Kf4 94. Kd3 Qc5 95. Kd2 Qc4 96. Ke1 Qe2# 0-1

[Event "ICS rated blitz match"]
[Site "204.178.125.65"]
[Date "2000.03.23"]
[Round "?"]
[White "Herrera-Jorge"]
[Black "Hossa"]
[Result "0-1"]
[WhiteElo "1848"]
[BlackElo "2502"]
[PlyCount "27"]

1. e4 e5 2. Nf3 Nc6 3. d4 exd4 4. Bc4 Nf6 5. e5 Ng4 6. Bf4 Bb4+ 7. c3 dxc3 8.
bxc3 Bc5 9. O-O Qe7 10. Qe2 Na5 11. Bd5 d6 12. Qb5+ c6 13. Bxf7+ Qxf7 14. exd6
0-1

[Event "ICS rated blitz match"]
[Site "204.178.125.65"]
[Date "2000.03.23"]
[Round "?"]
[White "Hossa"]
[Black "Herrera-Jorge"]
[Result "1-0"]
[WhiteElo "2503"]
[BlackElo "1847"]
[PlyCount "31"]

1. c4 Nf6 2. Nc3 d6 3. d4 e6 4. Nf3 Be7 5. e4 O-O 6. Be2 Nbd7 7. O-O e5 8. Be3
Ne8 9. dxe5 Nxe5 10. Nxe5 dxe5 11. Qxd8 Bxd8 12. Bc5 Nd6 13. Rfd1 Be7 14. Nb5
Nxb5 15. Bxe7 Nd4 16. Bxf8 1-0

[Event "ICS rated blitz match"]
[Site "204.178.125.65"]
[Date "2000.03.23"]
[Round "?"]
[White "Herrera-Jorge"]
[Black "Hossa"]
[Result "0-1"]
[WhiteElo "1846"]
[BlackElo "2504"]
[PlyCount "84"]

1. e4 e5 2. c4 Nc6 3. Nc3 Bc5 4. d3 d6 5. Be2 Nf6 6. Nf3 O-O 7. Bg5 Bg4 8. O-O
h6 9. Bh4 Bxf3 10. Bxf3 Nd4 11. Nd5 g5 12. Bg3 Nxd5 13. cxd5 f5 14. h3 fxe4 15.
Bxe4 Qd7 16. Kh2 Qf7 17. f3 Nf5 18. Qe1 Ne3 19. Rh1 Nc2 20. Qd2 Nxa1 21. Rxa1
Bd4 22. h4 gxh4 23. Bxh4 Qg7 24. Rb1 Rf7 25. g4 Rf4 26. Bg3 Rf6 27. Kg2 Raf8
28. Rh1 a6 29. Rh5 c6 30. b3 a5 31. dxc6 bxc6 32. Bxc6 Rc8 33. Bd5+ Kf8 34. g5
hxg5 35. Rxg5 Rg6 36. Rxg6 Qxg6 37. Bc4 Rc5 38. b4 Rc7 39. b5 Rg7 40. Qe1 Be3
41. Kh2 Bf4 42. Qe4 Qxg3+ 0-1

[Event "ICS rated blitz match"]
[Site "204.178.125.65"]
[Date "2000.03.23"]
[Round "?"]
[White "Hossa"]
[Black "Herrera-Jorge"]
[Result "1-0"]
[WhiteElo "2505"]
[BlackElo "1845"]
[PlyCount "31"]

1. d4 Nf6 2. c4 c6 3. Nf3 d5 4. Bf4 e6 5. e3 Nbd7 6. Nc3 Bb4 7. Nd2 O-O 8. a3
Be7 9. b3 Re8 10. Be2 a5 11. O-O a4 12. bxa4 dxc4 13. e4 Qa5 14. Qc2 e5 15.
Nxc4 Qc7 16. dxe5 1-0